书目信息 |
| 题名: |
水浒传
|
|
| 作者: | 施耐庵 著 | |
| 分册: | ||
| 出版信息: | 泰山 泰山出版社 2007.04 |
|
| 页数: | 162页 | |
| 开本: | 20cm | |
| 丛书名: | ||
| 单 册: | ||
| 中图分类: | I242.4 | |
| 科图分类: | ||
| 主题词: | 小说--中国 | |
| 电子资源: | ||
| ISBN: | 978-7-80634-597-9 | |
| 000 | 00518nam0 2200193 450 | |
| 001 | 0859860216 | |
| 005 | 20080918164051.59 | |
| 010 | @a978-7-80634-597-9@dCNY19.00 | |
| 100 | @a20080918d2007 km y0chiy0120 ea | |
| 101 | 0 | @achi |
| 102 | @aCN@b370000 | |
| 200 | 1 | @a水浒传@Ashui hu chuan@f(明)施耐庵著@F(ming)shi nai an zhu |
| 210 | @a泰山@c泰山出版社@d2007.04 | |
| 215 | @a162页@d20cm | |
| 606 | 0 | @a小说@x中国 |
| 690 | @aI242.4@v4 | |
| 701 | 0 | @a施耐庵@Ashi nai an@4著 |
| 801 | 0 | @aCN@c20080918 |
| 905 | @dI242.4@eS4951 | |
| 水浒传/(明)施耐庵著.-泰山:泰山出版社,2007.04 |
| 162页;20cm |
| ISBN 978-7-80634-597-9:CNY19.00 |
| ● |
| 相关链接 |
|
|
|
正题名:水浒传
索取号:I242.4/S4951
 
预约/预借
| 序号 | 登录号 | 条形码 | 馆藏地/架位号 | 状态 | 备注 |
| 1 | 678405 | 206784050 | 文学库108/400B社科库 20排4列4层/ [索取号:I242.4/S4951] | 在馆 | |
| 2 | 678406 | 206784069 | 社科二线400B/400B社科库 17排4列1层/ [索取号:I242.4/S4951] | 在馆 | |
| 3 | 678407 | 206784078 | 社科二线400B/400B社科库 14排4列4层/ [索取号:I242.4/S4951] | 在馆 |